00312nam a22001097a 4500020000800000040001600008082001500024100002300039245005700062260005300119300003000172 qPB. cFizza Ishaq a302.5bJAM aSkipper, K. James. aDeviance: Voice from the Margin /cJames K. Skipper. aNew York :bWadsworth Publishing Company,c1981. a207 p. ;c7.3x9.1 inches